000 00575nam a22001457a 4500
082 _aMSEE-6 SAF
100 _aAyla Safdar
245 _aFinite control set model predictive control (FCS-MPC) of bidirectional isolated dual active bridge (DAB) DC-DC Converter
260 _aIslamabad
_bNUST-SEECS
_c2016
300 _a72p.
_eCD Includes
856 _uhttp://10.250.8.41:8080/xmlui/handle/123456789/10234
942 _2ddc
_cPR
999 _c329050
_d329050